000 00492nam a22001817a 4500
005 20131011150231.0
010 _aENG-107717
020 _a9789382601081
_c395.00
035 _aEN-91250
037 _bDBAD/PUB
082 _aN
100 _aLaRocque, Paula
245 _aChalk line /
_cby Paula LaRocque
260 _aUttar Pradesh
_beVookz
_c2010
270 _a10,Parshawanath Edens,Sector,Alpha-11,Greater Noida
_bUttar Pradesh
300 _a321p.
_c23cm(pbk)
942 _2ddc
_cEN
_mLAR
_hN
999 _c76897
_d76897